Contract damages : domestic and international perspectives /
This book is a collection of essays examining the remedy of contract damages in the common law and under the international contract law instruments such as the Vienna Convention on Contracts for the International Sales of Goods and the UNIDROIT Principles of International Commercial Contracts. The e...
Saved in:
| 其他作者: | , |
|---|---|
| 格式: | 图书 |
| 出版: |
New Delhi :
Mohan Law house ,
c2008.
|
| 主题: | |
| 标签: |
添加标签
没有标签, 成为第一个标记此记录!
|
MARC
| LEADER | 00000cam a2200000 a 4500 | ||
|---|---|---|---|
| 005 | 20251002112859.0 | ||
| 020 | |a 9781841137414 |c TZS 45505.24/= | ||
| 040 | |a MCCL |b eng. |e AACR 2nd. rev. ed. | ||
| 082 | 0 | 4 | |a 346.02 CON |
| 245 | 0 | 0 | |a Contract damages : |b domestic and international perspectives / |c edited by Djakhongir Saidov and Ralph Cunnington. |
| 260 | |a New Delhi : |b Mohan Law house , |c c2008. | ||
| 300 | |a xxxiii, 495 p. ; |c 25 cm. | ||
| 504 | |a Includes bibliographical references. | ||
| 520 | |a This book is a collection of essays examining the remedy of contract damages in the common law and under the international contract law instruments such as the Vienna Convention on Contracts for the International Sales of Goods and the UNIDROIT Principles of International Commercial Contracts. The essays, written by leading experts in the area, raise important and topical issues relating to the law of contract damages from both theoretical and practical perspectives. The book aims to inform readers of current developments, problems, trends and debates surrounding contract damages and reflects | ||
| 546 | |a eng. | ||
| 650 | 0 | |a Breach of contract. | |
| 650 | 0 | |a Damages. | |
| 650 | 0 | |a Export sales contracts. | |
| 700 | 1 | |a Saidov, Djakhongir. | |
| 700 | 1 | |a Cunnington, Ralph. | |
| 942 | |c BK | ||
| 999 | |c 11606 |d 11606 | ||